Statistics for Countries with Lowest Urban Population

Click here to take the quiz!

General Stats

  • This quiz has been taken 79 times
  • The average score is 12 of 25

Answer Stats

Urban Population %Country% Correct
21,8Chad
73%
17,8Niger
70%
15,6Uganda
63%
19,1Rwanda
61%
18,0South Sudan
61%
24,0Kenya
60%
21,3Eritrea
59%
17,0Ethiopia
59%
12,5Papua New Guinea
59%
15,7Malawi
54%
10,9Burundi
53%
21,2Swaziland
53%
26,5Burkina Faso
51%
23,5Afghanistan
50%
20,5Solomon Islands
50%
24,9Vanuatu
49%
19,9Samoa
47%
23,4Tonga
47%
22,6Micronesia
43%
20,0Cambodia
39%
26,5Tajikistan
39%
15,1Sri Lanka
30%
17,5Saint Lucia
29%
13,7Trinidad and Tobago
29%
14,4Liechtenstein
10%

Score Distribution

Percentile by Number Answered

Percent of People with Each Score

Your Score History

You have not taken this quiz